LEGO The Muppets: Minifigures by Picture - Statistics

General Stats
  • This quiz has been taken 10 times
  • The average score is 9 of 12
Answer Stats
Picture Answer % Correct
Beaker
89%
Kermit the Frog
89%
Miss Piggy
89%
Animal
78%
Dr. Bunsen Honeydew
78%
Fozzie Bear
78%
The Swedish Chef
78%
Gonzo
67%
Janice
67%
Statler
67%
Waldorf
67%
Rowlf the Dog
56%
No matching quizzes found
Score Distribution
Percent of People with Each Score
Percentile by Number Answered
Your Score History
You have not taken this quiz